| 000 | 00479nam a22001817a 4500 | ||
|---|---|---|---|
| 003 | CEME | ||
| 005 | 20210628202516.0 | ||
| 008 | 210122b xxu||||| |||| 00| 0 eng d | ||
| 020 | _a81-7371-508-4 | ||
| 040 | _c. | ||
| 082 | _a510 ADA | ||
| 100 |
_aAdam, John . A _960231 |
||
| 245 | _aMathematics in nature modeling patterns in the natural world | ||
| 260 |
_aNEW DELHI _bUNIVERSITIES PRESS _c2003 |
||
| 300 | _aXI,360P | ||
| 650 |
_aMATHEMATICS. _918066 |
||
| 942 |
_cBK _2ddc |
||
| 999 |
_c570017 _d570017 |
||